| 000 | 01591nam a2200385 i 4500 | ||
|---|---|---|---|
| 001 | 000022626 | ||
| 003 | DO-SdBNP | ||
| 005 | 20260604143326.0 | ||
| 007 | ta | ||
| 008 | 101014s1992 dr 000 0 spa d | ||
| 040 |
_aDO-SdBNP _bspa _cBNPHU _erda |
||
| 041 | _aspa | ||
| 049 | _aBNPD | ||
| 082 | 4 |
_a970.016 _bA742b _223 |
|
| 100 | 1 |
_aArnaiz, Francisco José, _eautor _eprologuista _4aut. _96960 |
|
| 245 | 1 | 0 |
_aBitácoras, yelmos y cruces / _cFrancisco José Arnaiz ; coordinación, José Chez Checo ; índice analítico, onomástico y de lugares, Soledad Álvarez |
| 250 | _aPrimera edición | ||
| 264 | 4 |
_aSanto Domingo, República Dominicana : _bEditora Comisión Dominicana Permanente para la Celebración del Quinto Centenario del Descubrimiento y Evangelización de América, _c1992 |
|
| 300 |
_a324 páginas ; _c23 cm |
||
| 336 |
_atexto _btxt _2rdacontent |
||
| 337 |
_asin mediación _bn _2rdamedia |
||
| 338 |
_avolumen _bnc _2rdacarrier |
||
| 490 | 1 |
_aQuinto Centenario. Estudios ; _v6 |
|
| 500 | _aIncluye índice analitico, onomástico y de lugares | ||
| 590 | _aInventariado, 2024/BT | ||
| 650 | 7 |
_2armarc _aIndígenas _xMisiones _989858 |
|
| 650 | 7 |
_2armarc _aExploradores _xBiografías _zAmérica _989859 |
|
| 650 | 7 |
_2armarc _aExploradores _xBiografías _zEspaña _989860 |
|
| 651 | 7 |
_2armarc _aAmérica _xDescubrimiento y exploraciones _zEspaña _989861 |
|
| 700 | 1 |
_aChez Checo, José, _d1949- _910145 _eeditor |
|
| 700 | 1 |
_aÁlavarez, Soledad _ecompilador de índice _989857 |
|
| 830 | 0 |
_aQuinto Centenario _916591 |
|
| 830 | 0 |
_aEstudios _n6 _946566 |
|
| 942 |
_2ddc _cLBS1 |
||
| 999 |
_c22123 _d22123 |
||